German Vicechancellors since 1878 - with Picture - Statistics

General Stats
  • This quiz has been taken 11 times
    6 since last reset
  • The average score is 13 of 36
Answer Stats
Picture Hint Answer % Correct
since 2021
Olaf Scholz
Economy and Climate
Alliance 90/The Greens
Robert Habeck
100%
2007-2009
Angela Merkel
Foreign Affairs
Social Democratic Party of Germany
Frank-Walter Steinmeier
80%
2005-2007
Angela Merkel
Labour and Social Affairs
Social Democratic Party of Germany
Franz Müntefering
80%
2009-2011
Angela Merkel
Foreign Affairs
Free Democratic Party
Guido Westerwelle
80%
1998-2005
Gerhard Schröder
Foreign Affairs
Alliance 90/The Greens
Joschka Fischer
80%
1957-1963
Konrad Adenauer
Economy
Christian Democratic Union of Germany
Ludwig Erhard
80%
2018-2021
Angela Merkel
Finance
Social Democratic Party of Germany
Olaf Scholz
80%
2011-2013
Angela Merkel
Economy and Technology
Free Democratic Party
Philipp Rösler
80%
2013-2018
Angela Merkel
Economy and Energy, Foreign Affairs
Social Democratic Party of Germany
Sigmar Gabriel
80%
1969-1974
Brandt, Scheel
Foreign Affairs
Free Democratic Party
Walter Scheel
80%
1966-1969
Kurt Georg Kiesinger
Foreign Affairs
Social Democratic Party of Germany
Willy Brandt
80%
1933-1934
Adolf Hitler
no ministry
no party, later NSDAP
Franz von Papen
60%
1974-1982, 1982-1992
Schmidt, Kohl
Foreign Affairs
Free Democratic Party
Hans-Dietrich Genscher
60%
1992-1993
Helmut Kohl
Economy
Free Democratic Party
Jürgen Möllemann
60%
1993-1998
Helmut Kohl
Foreign Affairs
Free Democratic Party
Klaus Kinkel
60%
1963-1966
Ludwig Erhard
All-German Affairs
Free Democratic Party
Erich Mende
40%
1949-1957
Konrad Adenauer
Matters of the Marshall Plan, Economic Cooperation
Christian Democratic Union of Germany
Franz Blücher
40%
1982
Helmut Schmidt
Intra-German Relations
Social Democratic Party of Germany
Egon Franke
20%
1907-1909
Bernhard von Bülow
Interior
no party
Theobald von Bethmann-Hollweg
20%
1897-1907
Hohenlohe, Bülow
Interior
Free Conservative Party
Arthur von Posadowsky-Wehner
0%
1919
Philipp Scheidemann
Finance
German Democratic Party
Bernhard Dernburg
0%
1909-1916
Theobald von Bethmann-Hollweg
Interior
no party, later German National People's Party
Clemens von Delbrück
0%
1920
Hermann Müller
Interior
German Democratic Party
Erich Koch-Weser
0%
1919, 1919-1920
Scheidemann, Bauer
Finance, Justice
German Democratic Party
Eugen Schiffer
0%
1917-1918
Hertling, Baden
no imperial office
Progressive People's Party
Friedrich Payer
0%
1921-1922
Joseph Wirth
Treasury
Social Democratic Party of Germany
Gustav Bauer
0%
1966
Ludwig Erhard
Traffic
Christian Democratic Union of Germany
Hans-Christoph Seebohm
0%
1930-1932
Heinrich Brüning
Economy, Finance
German Democratic Party, German State Party
Hermann Dietrich
0%
1881-1897
Bismarck, Caprivi, Hohenlohe
Interior
German Conservative Party
Karl Heinrich von Boetticher
0%
1916-1917
Hollweg, Michaelis, Hertling
Interior
no party, later German National People's Party
Karl Helfferich
0%
1923-1925
Wilhelm Marx
Interior
German People's Party
Karl Jarres
0%
1919
Gustav Bauer
Finance
Catholic Centre Party (Christian People's Party)
Matthias Erzberger
0%
1927-1928
Wilhelm Marx
Justice
German National People's Party
Oskar Hergt
0%
1878-1881
Otto von Bismarck
no imperial office
Free Conservative Party
Otto zu Stolberg-Wernigerode
0%
1923
Gustav Stresemann
Reconstruction
Social Democratic Party of Germany
Robert Schmidt
0%
1920-1921
Constantin Fehrenbach
Justice
German People's Party
Rudolf Heinze
0%
No matching quizzes found
Score Distribution
Percent of People with Each Score
Percentile by Number Answered
Your Score History
You have not taken this quiz since the last reset